000 00585nam a2200241 a 4500
001 nice12345678
003 IN_TiNIC
005 20260116012042.0
008 050524s1955 dela grp 000 0 urd
020 _a
_c100
082 0 0 _a297.831
_bMAH3
100 _aMahdavi, Abul Hashim
245 _aKhardaar Khoonta
260 _aDelhi
_bDeni Book Depot
_c1955
300 _a28p
500 _aincludes index and biblioraphy
505 2 _athree parts of first volume
650 _aMahdavia
700 1 _aMahdavi, Abul Hashim
902 _bSRS
942 _cBK
999 _c5441
_d5441